000 00834cam a2200277 i 4500
001 17425277
003 OSt
005 20160429104622.0
008 120810s2013 it a b 000 0 eng
010 _a 2012946753
020 _a9788847025301 (hbk.)
020 _z9788847025318 (ebook)
040 _aSEKU
042 _apcc
050 0 0 _aHD 61
_b.B67
100 1 _aBorghesi, Antonio.
245 1 0 _aRisk management :
_bhow to assess, transfer, and communicate critical risks /
_cAntonio Borghesi, Barbara Gaudenzi.
260 _aNew York :
_bSpringer,
_cc2013
300 _a137 p. :
_bill.
504 _aIncludes bibliographical references.
650 0 _aRisk management.
650 0 _aCorporate governance.
700 1 _aGaudenzi, Barbara.
942 _2lcc
_cGEN
999 _c13146
_d13146